| 000 | 00784cam a22002653a 4500 | ||
|---|---|---|---|
| 001 | 16806 | ||
| 003 | PGUSA | ||
| 005 | 20140828083346.0 | ||
| 008 | 051007s2005||||xxu|||||s|||||000 | eng d | ||
| 040 |
_aPGUSA _beng |
||
| 042 | _adc | ||
| 050 | 4 | _aPT | |
| 100 | 1 |
_aIbsen, Henrik, _d1828-1906 |
|
| 245 | 1 | 0 |
_aRosmersholma : _bNelinäytöksinen näytelmä _h[electronic resource] / _cHenrik Ibsen |
| 260 |
_bProject Gutenberg, _c2005 |
||
| 506 | _aPublic domain in the USA. | ||
| 516 | _aElectronic text | ||
| 653 | _aNorwegian drama | ||
| 653 | _aEurope -- Social conditions -- 19th century -- Drama | ||
| 653 | _aSuicide -- Drama | ||
| 700 | 1 |
_aAsp, Hilda, _d1862-1891 |
|
| 830 | 0 |
_aProject Gutenberg _v16806 |
|
| 856 | 4 | 0 | _uhttp://www.gutenberg.org/ebooks/16806 |
| 942 | _cEB | ||
| 999 |
_c246061 _d246061 |
||